| 000 | 01183nam a2200253 a 4500 | ||
|---|---|---|---|
| 001 | 40226 | ||
| 003 | BD-RjUL | ||
| 005 | 20211209053154.0 | ||
| 008 | 160425s2005 bg ||||| |||| 00| 0 ben d | ||
| 020 |
_a9840744992 _c: Tk.260.00 |
||
| 035 | _a(BD-RjUL)40341 | ||
| 040 |
_aBD-RjUL _bben _cBD-RjUL |
||
| 041 | _aben | ||
| 082 |
_223 _a891.444 _bGHM 2005 |
||
| 100 |
_aগণি, এম. ওসমান _9123964 |
||
| 245 | 0 | 0 |
_aএম.ওসমান গণি রচনাবলী / _bএম. ওসমান গণি, সম্পাদনা : আবুল কালাম মুহাম্মদ আমীনুল হক, রহিমা আখতার |
| 260 |
_aঢাকা : _bবাংলা একাডেমী, _c২০০৫ |
||
| 300 |
_a[নয়], ৩৭৪ পৃ. ; _c২১ সেমি. |
||
| 650 |
_aবাংলা সাহিত্য _vরচনাবলী _9118114 |
||
| 650 |
_aBengali literature _vFiction _9123912 |
||
| 700 |
_aহক, আবুল কালাম মুহাম্মদ আমীনুল : সম্পাদনা _9123913 |
||
| 700 |
_aআখতার, রহিমা : সম্পাদনা _9123914 |
||
| 942 |
_2ddc _cBK |
||
| 999 |
_c40226 _d40226 |
||